000 00631nam a2200193 4500
008 170329b xxu||||| |||| 00| 0 eng d
020 _a0-8306-2582-8
082 _21992
_aDC 005.7565
_bSt2
100 _919577
_aStark, Robin
245 _aFoxPro :
_bthe master reference/
_cRobin Stark; Shelley Satonin.
250 _a2nd Edition.
260 _aBlue Ridge Summit, PA :
_bWindcrest,
_c©1992.
300 _axii, 500 pages:
_billustrations ;
_c24 cm.
500 _aIncludes index.
650 0 _919578
_aFoxPro (Computer program)
650 0 _919579
_aDatabase management
700 _919580
_aSatonin, Shelley
942 _2ddc
_cDC
999 _c6469
_d6469